ENTREPRENEURSHIP LEARNING & IMPLEMENTATION (Record no. 5508)

MARC details
000 -LEADER
fixed length control field 00409nam a22001577a 4500
005 - DATE AND TIME OF LATEST TRANSACTION
control field 20180703123212.0
008 - FIXED-LENGTH DATA ELEMENTS--GENERAL INFORMATION
fixed length control field 170726b xxu||||| |||| 00| 0 eng d
020 ## - INTERNATIONAL STANDARD BOOK NUMBER
ISBN 978-93-85000-18
041 ## - LANGUAGE CODE
Language code of text/sound track or separate title eng
082 ## - DEWEY DECIMAL CLASSIFICATION NUMBER
Classification number 658.11
100 ## - MAIN ENTRY--AUTHOR NAME
Personal name SINHA, PRAVEEN & OTHERS
245 ## - TITLE STATEMENT
Title ENTREPRENEURSHIP LEARNING & IMPLEMENTATION
260 ## - PUBLICATION, DISTRIBUTION, ETC. (IMPRINT)
Place of publication NEW DELHI
Name of publisher CEGR, BHARTI PUBLICATION
300 ## - PHYSICAL DESCRIPTION
Number of Pages 446p,
942 ## - ADDED ENTRY ELEMENTS (KOHA)
Koha item type Books
Holdings
Lost status Damaged status Collection code Home library Current library Shelving location Date acquired Source of acquisition Cost, normal purchase price Full call number Accession Number Koha item type
    MANAGEMENT JRU Library JRU Library SHELF-70 F 26/07/2017 PURCHESS 685.00 658.11 21834 Books
    MANAGEMENT JRU Library JRU Library SHELF-70 F 26/07/2017 PURCHESS 685.00 658.11 21835 Books
    MANAGEMENT JRU Library JRU Library SHELF-70 F 26/07/2017 PURCHESS 685.00 658.11 21836 Books